000 01139aam a2200277 i 4500
999 _c68029
_d68029
003 Mx-PuUPA
005 20220302075454.0
008 190502s2014 fluad|||r|||| 00| 0 eng d
020 _a9781482205497
040 _aMx-PuUPA
_bspa
_cMx-PuUPA
_dMx-PuUPA
_erda
041 0 _aeng
245 0 0 _aRapidminer :
_bdata mibing use cases and business analytics applications /
_cedited by Markus Hofmann, Ralf Klinkenberg
264 1 _aBoca Raton, FL :
_bCRC Press Taylor & Francis Group,
_c©2014
300 _aliv, 465 páginas, 8 páginas sin numerar :
_bilustraciones, gráficas (algunas color) ;
_c26 cm.
336 _2rdacontent
_atexto
_btxt
337 _2rdamedia
_asin medio
_bn
338 _2rdacarrier
_avolumen
_bnc
490 0 _aChapman & Hall/CRC Data mining and knowladge discovery series
650 4 _aComputadoras
_xAdministración de bases de datos
650 4 _aBases de datos
700 1 _aKlinkenberg, Ralf,
_eautor
942 _2ddc
_cLI
_h006.312
_iR216